|
|
|
|
| LEADER |
00000nam0a2200000 4500 |
| 001 |
670873 |
| 005 |
20240628112619.0 |
| 090 |
|
|
|a 670873
|
| 100 |
|
|
|a 20240222d1976 k||y0rusy50 ba
|
| 101 |
0 |
|
|a ger
|
| 102 |
|
|
|a DE
|
| 105 |
|
|
|a a z 001yb
|
| 181 |
|
0 |
|a i
|b e
|
| 182 |
|
0 |
|a n
|
| 183 |
|
0 |
|a nc
|2 RDAcarrier
|
| 200 |
1 |
|
|a Thomas Alva Edison
|f Wolfgang Schreier und Hella Schreier
|
| 203 |
|
|
|a Текст
|b визуальный
|c непосредственный
|
| 210 |
|
|
|a Leipzig
|c BSB B.G. Teubner Verlagsgesellschaft
|d 1976
|
| 215 |
|
|
|a 128 s.
|c il.
|
| 225 |
1 |
|
|a Biographien. Hervorragender Naturwissenschaftler, Techniker und Mediziner
|v Band 23
|
| 283 |
|
|
|a volume
|2 RDAcarrier
|
| 320 |
|
|
|a Schrifttum: s. 127
|
| 606 |
1 |
|
|a Электротехника прикладная
|9 45968
|
| 610 |
1 |
|
|a ученые
|
| 610 |
1 |
|
|a изобретатели
|
| 610 |
1 |
|
|a история
|
| 610 |
1 |
|
|a биографии
|
| 610 |
1 |
|
|a фонографы
|
| 610 |
1 |
|
|a граммофон
|
| 610 |
1 |
|
|a телеграф
|
| 610 |
1 |
|
|a изобретения
|
| 610 |
1 |
|
|a немецкий язык
|
| 675 |
|
|
|a 621.3(092)
|v 4
|
| 700 |
|
1 |
|a Schreier
|b W.
|g Wolfgang
|
| 701 |
|
1 |
|a Schreier
|b H.
|g Hella
|
| 801 |
|
0 |
|a RU
|b 63413507
|c 20240222
|
| 942 |
|
|
|c BK
|